00326nam a22001217a 4500020000800000040001600008082001800024100002100042245004600063250001200109260003100121300005200152 qPB. cFIZZA ISHAQ a658.1511bBRA aBraun , Karen W. aManagerial Accounting /c Karen W. Braun. a2ND ED. aNEW YORK:bPEARSON,c2010. aI-1; I-14 ;Index Inc ,826 P. ;c26.05 X 20.04cm